| 000 | 01268cad a22002295a 4500 | ||
|---|---|---|---|
| 001 | L139960 | ||
| 008 | 070823e20070822xxkk f f000 0 eng d | ||
| 035 | _a(Sirsi) u139960 | ||
| 041 | 0 | _aeng | |
| 050 | 0 | 4 | _a346.410434 $2 18 |
| 110 | 1 |
_aUnited Kingdom _bDepartment for Communities and Local Government _94939 |
|
| 245 | 0 | 0 |
_aClarifying the right to buy rules _bconsultation _h[electronic resource] |
| 260 |
_aLondon _bDCLG _c2007 |
||
| 520 | _aSeeks opinions on proposals to make minor changes to the Right to Buy scheme. The proposals are designed to facilitate the process by reducing regulation. The range of options that landlords can offer to assist their leaseholders to improve their properties will be broadened. Interpretation of the Right to Buy rules will be clarified. The scheme's administration will be improved by reducing the burden on lenders. Responses are due by 31 October 2007. | ||
| 590 | _aKA NTK | ||
| 650 | 2 | 4 | _aHOUSING ACT 1985 |
| 650 | 2 | 4 | _aHOUSING ACT 2004 |
| 651 | 4 |
_aUnited Kingdom _y |
|
| 690 | _aPROPERTY-RESIDENTIAL PROPERTY-OWNER-OCCUPIED RESIDENTIAL PROPERTY | ||
| 856 | 4 | 8 |
_uhttps://www.communities.gov.uk/documents/housing/pdf/righttobuyconsultation.pdf _zView the item free of charge at www.communities.gov.uk |
| 942 | _n0 | ||
| 999 |
_c107385 _d107385 |
||